| 000 | 00000nam##2200000za#4500 |
| 001 | 9.525185 |
| 003 | CaOODSP |
| 005 | 20200325175243 |
| 007 | ta |
| 008 | 150406|1994||||xxc||||| f|0| 0 fre|d |
| 020 | |a0-660-59779-9 |
| 040 | |aCaOODSP|bfre |
| 041 | |aeng |
| 041 | |afre |
| 043 | |an-cn--- |
| 086 | 1 |aH12-21/20-S2 |
| 110 | 1 |aCanada.|bSanté Canada. |bDirection générale de la protection de la santé. |
| 245 | 10|aCompte rendu de l'atelier et recommandations du Groupe de travail d'experts sur les problèmes associés aux maladies infectieuses émergentes: déclaration du Lac Tremblant |
| 260 | |aOttawa - Ontario : |bSanté Canada. |c1994. |
| 300 | |aTexte français 25p. |
| 490 | 1 |aRelevé des maladies transmissible au Canada: supplément |vVol. 20S2, décembre 1994 |
| 500 | |aCe supplément sera distribué avec Relevé des maladies transmissibles au Canada Vol. 20, n° 23. |
| 546 | |aBilingue |
| 563 | |aCouverture souple |
| 590 | |a94-50|b1994-12-16 |
| 791 | |tProceedings and recommendations of the Expert Working Group on Emerging Infectious Disease Issues: Lac Tremblant declaration |eeng|w(CaOODSP)9.525184 |
| 830 | #0|aRelevé des maladies transmissible au Canada: supplément ;|vVol. 20S2, décembre 1994|w(CaOODSP)9.509383 |